Emisia akcií, spôsoby navyšovania základného imania a oceňovania akcií

Spôsoby vzniku akciových spoločností. Zakladanie akciovej spoločnosti formou upisovania akcií. Rozdiely medzi základným a obchodným imaním. Umiestnenie emisie akcií na trhu. Zvýšenie a zníženie základného imania. Oceňovanie kmeňových akcií. Praktické príklady.

Gespeichert in:
Bibliographische Detailangaben
1. Verfasser: Chovancová, Božena
Format: Buchkapitel
Sprache:Slowakisch
Schlagworte:
Tags: Tag hinzufügen
Keine Tags, Fügen Sie das erste Tag hinzu!

MARC

LEADER 00000naa a2200000 4500
001 r033644
005 20230919070427.4
041 0 |a slo 
044 |a SK 
245 1 0 |a Emisia akcií, spôsoby navyšovania základného imania a oceňovania akcií  |c Božena Chovancová 
520 |a Spôsoby vzniku akciových spoločností. Zakladanie akciovej spoločnosti formou upisovania akcií. Rozdiely medzi základným a obchodným imaním. Umiestnenie emisie akcií na trhu. Zvýšenie a zníženie základného imania. Oceňovanie kmeňových akcií. Praktické príklady. 
610 2 0 |a emisia 
610 2 0 |a imanie základné 
610 2 0 |a spoločnosti akciové 
610 2 0 |a majetok obchodný 
610 2 0 |a oceňovanie 
100 1 |a Chovancová, Božena